000 00430nam a22001697a 4500
005 20180326120934.0
008 160611b xxu||||| |||| 00| 0 eng d
020 _a9780070483125
041 _aeng
082 _b6971
_a338.88
100 _aAswathappa, K
_94235
245 _aInternational Business
260 _aNEW DELHI
_bTATA MCGRAW HILL PUBLISHING COMPANY LTD.
300 _a494
650 _aManagement
_9241
942 _cBK
999 _c2425
_d2424